|
|
|
|
| LEADER |
00000nam0a2200000 4500 |
| 001 |
340956 |
| 005 |
20231102005308.0 |
| 010 |
|
|
|a 5739013364
|
| 010 |
|
|
|a 5-271-09189-9
|
| 010 |
|
|
|a 5-17-021780-3
|
| 035 |
|
|
|a (RuTPU)RU\TPU\book\368132
|
| 035 |
|
|
|a RU\TPU\book\368131
|
| 090 |
|
|
|a 340956
|
| 100 |
|
|
|a 20180514d2004 m y0rusy50 ca
|
| 101 |
0 |
|
|a rus
|
| 102 |
|
|
|a RU
|
| 105 |
|
|
|a y z 000ay
|
| 200 |
1 |
|
|a Допрос безутешной вдовы
|f Кунио Каминаси
|
| 210 |
|
|
|a Москва
|c КРПА Олимп
|c Астрель
|c АСТ
|d 2004
|
| 215 |
|
|
|a 383 с.
|
| 225 |
1 |
|
|a Полиция Хоккайдо. Русский отдел
|
| 330 |
|
|
|a Кто бы мог предположить, что официальный визит делегации русских филологов в Саппоро обернется чередой кровавых преступлений… Даже во сне майору японской полиции Минамото не могло привидеться, что его коварным противником окажется неотразимая и сексуальная русская красотка… Да еще эта духота в помещении, которая спутала все карты…
|
| 606 |
1 |
|
|a Русская литература современная
|2 stltpush
|3 (RuTPU)RU\TPU\subj\26373
|9 50316
|
| 610 |
1 |
|
|a детективы
|
| 610 |
1 |
|
|a расследование
|
| 610 |
1 |
|
|a Япония
|
| 610 |
1 |
|
|a полиция
|
| 610 |
1 |
|
|a русская мафия
|
| 610 |
1 |
|
|a триллеры
|
| 675 |
|
|
|a Р2
|v 4
|
| 700 |
|
0 |
|a Кунио Каминаси
|c писатель
|c настоящее имя Эдуард Власов
|2 stltpush
|3 (RuTPU)RU\TPU\pers\40939
|9 21359
|
| 801 |
|
1 |
|a RU
|b 63413507
|c 20180514
|
| 801 |
|
2 |
|a RU
|b 63413507
|c 20180601
|g RCR
|
| 942 |
|
|
|c BK
|